LIBRARY & INFORMATION CENTRE, KCAET, TAVANUR

ONLINE PUBLIC ACCESS CATALOGUE (OPAC)

Automatic street traffic signalling / (Record no. 7098)

MARC details
000 -LEADER
fixed length control field 00454cam a2200169ua 4500
003 - CONTROL NUMBER IDENTIFIER
control field OSt
008 - FIXED-LENGTH DATA ELEMENTS--GENERAL INFORMATION
fixed length control field 241224b |||||||| |||| 00| 0 eng d
041 ## - LANGUAGE CODE
Language code of text/sound track or separate title eng
082 ## - DEWEY DECIMAL CLASSIFICATION NUMBER
Classification number 621.3175
Item number HAR/AU
100 ## - MAIN ENTRY--AUTHOR NAME
Personal name Harrison, H H .
245 ## - TITLE STATEMENT
Title Automatic street traffic signalling /
260 ## - PUBLICATION, DISTRIBUTION, ETC. (IMPRINT)
Place of publication London :
Name of publisher Sir Isaac Pitman & Sons Ltd ,
Year of publication 1934.
300 ## - PHYSICAL DESCRIPTION
Number of Pages 187 ; .
700 1# - ADDED ENTRY--PERSONAL NAME
Personal name Maybury, Henry .
700 1# - ADDED ENTRY--PERSONAL NAME
Personal name Priest, T P .
942 ## - ADDED ENTRY ELEMENTS (KOHA)
Koha item type Books
Holdings
Withdrawn status Lost status Damaged status Home library Current library Date acquired Full call number Accession Number Koha item type
      KAUAET KAUAET 07/04/2012 621.3175 HAR/AU 3744 Books
free website counter